Splynovacie zariadenie

Bibliographic Details
Corporate Author: Graveson Energy Management Ltd (Carnforth, Veľká Británia) (Patent holder)
Other Authors: Maton, Maurice Edward George (Originator)
Format: Book
Language:Slovak
PhysicalDescription:13 s. obr. 30 cm
Published: [Banská Bystrica] Úrad priemyselného vlastníctva SR [2007]
Subjects:

MARC

LEADER 00000cam a2200000 a 4500
001 vtls009812117
003 SK-MaSNL
005 20260331205131.0
008 251120s2007 xo a j f000 0 slo
013 |a 285974  |b xxk  |c patent  |d 20071206  |e dátum nadobudnutia účinkov patentu (Vestník ÚPV SR č.: 12/2007)  |d 20071119  |e dátum sprístupnenia patentu 
013 |a 196-2000  |e číslo prihlášky  |d 19990616  |e dátum podania prihlášky  |d 20000711  |e dátum zverejnenia prihlášky (Vestník ÚPV SR č.: 07/2000) 
013 |a 9812984.4  |e číslo prioritnej prihlášky  |d 19980616  |e dátum podania prioritnej prihlášky  |b GB  |e kód krajiny prioritnej prihlášky 
015 |a SNBN2015 
035 |a (SVKBBclas03)vtls000280433 
040 |a SNK  |b slo  |c SNK  |e AACR2 
041 0 |a slo 
044 |a xo  |c SK 
072 7 |a 628  |x Sanitárna technika. Vodárenstvo. Odpadové hospodárstvo. Svetelná technika  |2 konspekt 
080 |a 628.3/.5  |2 2001 
080 |a 628.47  |2 2001 
080 |a 628.474  |2 2001 
080 |a 628.474.3  |2 2001 
084 |a C10J 3/02  |2 IPC 
084 |a C10B 47/00  |2 IPC 
084 |a C10J 3/46  |2 IPC 
084 |a C10J 3/48  |2 IPC 
084 |a C10B 53/07  |2 IPC 
100 1 |a Maton, Maurice Edward George  |4 org  |9 539587 
245 1 0 |a Splynovacie zariadenie  |c Maurice Edward George Maton ; patent. zást. Dagmar Čechvalová 
260 |a [Banská Bystrica]  |b Úrad priemyselného vlastníctva SR  |c [2007] 
300 |a 13 s.  |b obr.  |c 30 cm 
650 0 7 |a odpadové hospodárstvo  |2 SNKPH  |9 3603 
650 0 7 |a likvidácia odpadu  |2 SNKPH  |9 29405 
650 0 7 |a Waste management  |2 SNKPHeng  |9 267224 
650 0 7 |a Waste disposal  |2 SNKPHeng  |9 311820 
650 0 7 |a spaľovanie odpadu  |2 SNKPH  |9 31174 
650 0 7 |a Incineration  |2 SNKPHeng  |9 337890 
650 0 7 |a spaľovne odpadu  |2 SNKPH  |9 150869 
650 0 7 |a Incinerators  |2 SNKPHeng  |9 539588 
655 7 |a patenty  |2 SNKPH  |9 177343 
655 7 |a patent licenses  |2 SNKPHeng  |9 303430 
700 1 |a Čechvalová, Dagmar  |4 oth  |9 305714 
710 2 |a Graveson Energy Management Ltd (Carnforth, Veľká Británia)  |4 pth  |9 539589 
999 |c 831239  |d 833169 
952 |a SNK  |b SNK  |y PREZ  |7 0  |p 17A1155632  |o snkSK 285974  |i snk2015/12868  |8 0  |0 0  |1 0  |4 0  |d 2015-04-16  |l 0  |r 2026-02-24 03:38:03  |w 2026-02-24